Lun yu yi shu : 1 juan /

Saved in:
Bibliographic Details
Main Author: Huang, Kan, 488-545.
Other Authors: Wang, Mo, jin shi 1778.
Format: Book
Language:Chinese
Published: Taibei, Min guo 55 [1966]
Subjects:
Tags: Add Tag
No Tags, Be the first to tag this record!
LEADER 01106cam a2200289ui 4500
001 007724641-1
005 20024617112705.0
008 980302r1966uuuuch 000 0 chi d
035 0 |a ocm38533140 
040 |a *YNH*  |c *YNH*  |d CStRLIN 
100 1 |6 880-01  |a Huang, Kan,  |d 488-545. 
245 1 0 |6 880-02  |a Lun yu yi shu :  |b 1 juan /  |c Huang Kan zhu ; Wang Mo ji. 
260 |6 880-03  |a Taibei,  |c Min guo 55 [1966] 
300 |a 1 v. ;  |c 19 cm. 
500 |6 880-04  |a (In Yan Lingfeng bian ji Wu qiu bei zhai Lun yu ji cheng v. 285) 
500 |6 880-05  |a Facsimile reproduction of Han Wei yi shu chao ben. 
600 0 0 |6 880-06  |a Confucius.  |t Lun yu. 
700 1 |6 880-07  |a Wang, Mo,  |d jin shi 1778. 
880 1 |6 100-01  |a 皇侃,  |d 488-545. 
880 1 0 |6 245-02  |a 論語義疏 :  |b 1卷 /  |c 皇侃著 ; 王謨輯. 
880 |6 260-03  |a 台北,  |c 民國55 [1966] 
880 |6 500-04  |a (In 嚴靈峯編輯 無求備齋論語集成 v. 285) 
880 |6 500-05  |a Facsimile reproduction of 漢魏遺書鈔本. 
880 0 0 |6 600-06  |a Confucius.  |t 論語. 
880 1 |6 700-07  |a 王謨,  |d jin shi 1778. 
988 |a 20021121 
906 |0 MH